Repertorio de interiores y muebles españoles : siglos XV a XVIII /
Uloženo v:
| Hlavní autor: | |
|---|---|
| Další autoři: | |
| Médium: | Kniha |
| Jazyk: | španělština |
| Vydáno: |
México :
Atlante,
1943
|
| Témata: | |
| Tagy: |
Žádné tagy, Buďte první, kdo vytvoří štítek k tomuto záznamu!
|
MARC
| LEADER | 00000nam^a2200000^a^4500 | ||
|---|---|---|---|
| 001 | 000187936 | ||
| 005 | 20250526000000.0 | ||
| 009 | 20260310102321.05 | ||
| 037 | |a Acervo ITESO - Biblioteca | ||
| 041 | |a ESP | ||
| 082 | |a 749. 26 |b BYN | ||
| 100 | |a Byne, Arthur |e (fotógrafo) | ||
| 245 | 1 | 0 | |a Repertorio de interiores y muebles españoles : |b siglos XV a XVIII / |c Fotógrafo, diseño y texto de A. Byne ; introd. de M. Stapley. |
| 264 | 1 | |a México : |b Atlante, |c 1943 | |
| 300 | |a XI p., 300 láminas (gran formato) ; |c 35.5 cm. | ||
| 336 | |a texto |b txt |2 rdacontenido | ||
| 337 | |a sin mediación |b n |2 rdamedio | ||
| 338 | |a volumen |b nc |2 rdasoporte | ||
| 649 | |a XX | ||
| 650 | |a Baúles - |z España | ||
| 650 | |a Mesas - |z España | ||
| 650 | |a Bancas - |z España | ||
| 650 | |a Sillas - |z España | ||
| 650 | |a Camas - |z España | ||
| 650 | |a Sillones - |z España | ||
| 650 | |a Muebles - |z España | ||
| 650 | |a Objetos Decorativos - |z España | ||
| 650 | |a Decoración y Ornamentación - |z España - |x Historia y Crítica | ||
| 650 | |a Arquitectura Española - |x Historia y Crítica | ||
| 650 | |a Arte Español - |x Historia y Crítica | ||
| 700 | |a Stapley, Mildred |e (introducción) | ||
| 910 | |a Fondo Julio de la Peña Lomelín | ||
| 920 | |a Impresos - Libros | ||
| 930 | |a Libros Antiguos y Raros | ||
| 940 | |a Arquitectos Jaliscienses | ||
| 905 | |a 108 | ||
| 901 | |a 0500130648 |b IT2 |c LRA |u 20250526 | ||
| 902 | |a https://opac.biblio.iteso.mx/vufind/Record/000187936 | ||